Elementary spanish grammar (Record no. 161564)

MARC details
000 -LEADER
campo de control de longitud fija 00784nam a22002055i 4500
001 - NÚMERO DE CONTROL
campo de control 161564
003 - IDENTIFICADOR DE NÚMERO DE CONTROL
campo de control ES-MaACL
005 - FECHA Y HORA DE LA ÚLTIMA TRANSACCIÓN
campo de control 20230906212320.0
008 - DATOS DE LONGITUD FIJA--INFORMACIÓN GENERAL
campo de control de longitud fija 041021s1897 gw |||| | eng d
040 ## - FUENTE DE CATALOGACIÓN
Centro catalogador/agencia de origen CAM
Lengua de catalogación spa
Centro/agencia transcriptor CAM
100 1# - ENTRADA PRINCIPAL--NOMBRE DE PERSONA
Nombre de persona Pavia, Luigi.
9 (RLIN) 89680
245 10 - MENCIÓN DEL TÍTULO
Título Elementary spanish grammar
Resto del título : with exercises and a vocabulary : method Gaspey-Otto-Sauer /
Mención de responsabilidad, etc. by Luigi Pavia.
260 ## - PUBLICACIÓN, DISTRIBUCIÓN, ETC.
Lugar de publicación, distribución, etc. Heildelberg [etc.] :
Nombre del editor, distribuidor, etc. Julius Groos [etc.],
Fecha de publicación, distribución, etc. 1897.
300 ## - DESCRIPCIÓN FÍSICA
Extensión VIII, 213 p. ;
Dimensiones 21 cm.
490 1# - MENCIÓN DE SERIE
Mención de serie Method Gaspey-Otto-Sauer for the study of modern languages
650 #4 - PUNTO DE ACCESO ADICIONAL DE MATERIA--TÉRMINO DE MATERIA
Término de materia o nombre geográfico como elemento de entrada Lengua española-
Subdivisión general Gramática.
9 (RLIN) 14161
830 0# - PUNTO DE ACCESO ADICIONAL DE SERIE-TÍTULO UNIFORME
Título uniforme Method Gaspey-Otto-Sauer for the study of modern languages
9 (RLIN) 222124
852 ## - LOCALIZACIÓN
Ubicación ES-MaACL
Número de control de estantería B-3046
Nota libre -- Enc. editorial en tela
Holdings
Estatus retirado Estado de pérdida Estado de daño No para préstamo Colección Biblioteca de origen Biblioteca actual Ubicación en estantería Fecha de adquisición Fuente de adquisición Total de préstamos Signatura topográfica completa Código de barras Visto por última vez Precio de reemplazo Tipo de ítem Koha
        Libros del s. XIX Biblioteca del Ateneo de Madrid Biblioteca del Ateneo de Madrid Sala Pardo Bazán 17/01/2008     B-3046 1169235 23/02/2023 23/02/2023 Libro impreso antiguo